000 00620nam a2200157Ia 4500
008 090124s9999 xx 000 0 und d
082 _b41013
245 _a कुमार संभव -मराठी काव्यानुवाद
250 _a1
260 _bविव्दांस सुरेखा अनंत
_c2003
300 _a111
630 _a कुमार संभव -मराठी काव्यानुवाद
700 _aविव्दांस अनंत ज.
730 _a कुमार संभव -मराठी काव्यानुवाद
942 _cBOOK
999 _c106866
_d106866